Hegemony or survival: America's quest for global dominance (Record no. 1398290)
[ view plain ]
| 000 -LEADER | |
|---|---|
| fixed length control field | 00654nam a2200205Ia 4500 |
| 005 - DATE AND TIME OF LATEST TRANSACTION | |
| control field | 20250508165933.0 |
| 008 - FIXED-LENGTH DATA ELEMENTS--GENERAL INFORMATION | |
| fixed length control field | 008 250505s9999 xx 000 0 eng d |
| 037 ## - SOURCE OF ACQUISITION | |
| Stock number | Textual |
| 040 ## - CATALOGING SOURCE | |
| Original cataloging agency | FEDL |
| Language of cataloging | eng |
| Transcribing agency | FEDL |
| 041 ## - LANGUAGE CODE | |
| Language code of text/sound track or separate title | eng |
| Source of code | eng |
| 084 ## - COLON CLASSIFICATION NUMBER | |
| Classification number | 372.73, CHO |
| Assigning agency | FEDL |
| 100 ## - MAIN ENTRY--PERSONAL NAME | |
| Personal name | Chomsky Noam |
| 245 #0 - TITLE STATEMENT | |
| Title | Hegemony or survival: America's quest for global dominance |
| 260 ## - PUBLICATION, DISTRIBUTION, ETC. | |
| Place of publication, distribution, etc. | Australia |
| Name of publisher, distributor, etc. | Allen and Unwin |
| Date of publication, distribution, etc. | 1968 |
| 300 ## - PHYSICAL DESCRIPTION | |
| Extent | 300p. |
| 365 ## - TRADE PRICE | |
| Price type code | INR |
| Price amount | 395 |
| 546 ## - LANGUAGE NOTE | |
| Language note | Gifted by HOD Namita Ranaganathan in memory of Prof. Arvind Gaysu; First South Asian edition, 2007 |
| 942 ## - ADDED ENTRY ELEMENTS (KOHA) | |
| Koha item type | Textual |
| Classification part | 372.73, CHO |
| Withdrawn status | Lost status | Damaged status | Not for loan | Home library | Current library | Date acquired | Cost, normal purchase price | Total Checkouts | Full call number | Barcode | Date last seen | Price effective from | Koha item type |
|---|---|---|---|---|---|---|---|---|---|---|---|---|---|
| Department of Education Library | Department of Education Library | 2025-05-08 | 395.00 | 372.73, CHO | EL0091950 | 2025-05-08 | 2025-05-08 | Textual |
